000 00713cam a2200229 4500500
005 20260405003945.0
041 _afre
042 _adc
100 1 0 _aEltchaninoff, Michel
_eauthor
245 0 0 _aXi Jinping et Poutine pour les siècles des siècles : la chronique de Michel Eltchaninoff
260 _c2025.
500 _a40
690 _aChine
690 _aCosmisme
690 _aImmortalité
690 _aMichel Eltchaninoff
690 _aPoutine
690 _aRussie
690 _aXi Jinping
786 0 _nPhilosophie magazine | 193 | 10 | 2025-10-01 | p. 30-31 | 1951-1787
856 4 1 _uhttps://shs.cairn.info/magazine-philosophie-magazine-2025-10-page-30?lang=fr&redirect-ssocas=7080
999 _c2072421
_d2072421